República literaria y revolución (Record no. 180988)
[ view plain ]
| 000 -LEADER | |
|---|---|
| campo de control de longitud fija | 01594nam a2200361 i 4500 |
| 001 - NÚMERO DE CONTROL | |
| campo de control | 180988 |
| 003 - IDENTIFICADOR DE NÚMERO DE CONTROL | |
| campo de control | ES-MaACL |
| 005 - FECHA Y HORA DE LA ÚLTIMA TRANSACCIÓN | |
| campo de control | 20250801143435.0 |
| 008 - DATOS DE LONGITUD FIJA--INFORMACIÓN GENERAL | |
| campo de control de longitud fija | 120928s2010 sp a |||| | spa d |
| 020 ## - NÚMERO INTERNACIONAL ESTÁNDAR DEL LIBRO | |
| Número Internacional Estándar del Libro | 978-84-8472-490-2 |
| 080 ## - NÚMERO DE LA CLASIFICACIÓN DECIMAL UNIVERSAL | |
| Número de la Clasificación Decimal Universal | 821.134.2.09"19" |
| 080 ## - NÚMERO DE LA CLASIFICACIÓN DECIMAL UNIVERSAL | |
| Número de la Clasificación Decimal Universal | 94(460)"1931/39" |
| 100 1# - ENTRADA PRINCIPAL--NOMBRE DE PERSONA | |
| Nombre de persona | Aznar Soler, Manuel. |
| 9 (RLIN) | 24318 |
| 245 10 - MENCIÓN DEL TÍTULO | |
| Título | República literaria y revolución |
| Resto del título | (1920-1939) / |
| Mención de responsabilidad, etc. | Manuel Aznar Soler ; prólogo de José-Carlos Mainer. |
| 260 ## - PUBLICACIÓN, DISTRIBUCIÓN, ETC. | |
| Lugar de publicación, distribución, etc. | Sevilla : |
| Nombre del editor, distribuidor, etc. | Renacimiento, |
| Fecha de publicación, distribución, etc. | 2010. |
| 300 ## - DESCRIPCIÓN FÍSICA | |
| Extensión | 2 v. (998 p.) : |
| Otras características físicas | il. ; |
| Dimensiones | 21 cm. |
| 490 1# - MENCIÓN DE SERIE | |
| Mención de serie | Iluminaciones ; |
| Designación de volumen o secuencia | 64 |
| 500 ## - NOTA GENERAL | |
| Nota general | Apéndice: v. 2. Epistolario sobre el Segundo Congreso Internacional de Escritores para la Defensa de la Cultura. |
| 500 ## - NOTA GENERAL | |
| Nota general | Índice: v. 1, v. 2. |
| 500 ## - NOTA GENERAL | |
| Nota general | Índice onomástico: v. 2. |
| 504 ## - NOTA DE BIBLIOGRAFÍA, ETC. | |
| Nota de bibliografía, etc. | Bibliografía: v. 2, p. 945-980. |
| 505 8# - NOTA DE CONTENIDO CON FORMATO | |
| Nota de contenido con formato | Contiene: v. 1: ; |
| Título | Las vanguardias literarias (1920-1931) ; |
| Información miscelánea | v. 2: |
| Título | Vanguardias literarias y Segunda República (1931-1936) - |
| -- | Literatura, guerra y revolución (1936-1939) |
| 650 #7 - PUNTO DE ACCESO ADICIONAL DE MATERIA--TÉRMINO DE MATERIA | |
| Término de materia o nombre geográfico como elemento de entrada | Literatura española- |
| Subdivisión cronológica | S.XX- |
| Subdivisión general | Historia y crítica. |
| 9 (RLIN) | 141686 |
| 650 #7 - PUNTO DE ACCESO ADICIONAL DE MATERIA--TÉRMINO DE MATERIA | |
| Término de materia o nombre geográfico como elemento de entrada | Literatura y política |
| Fuente del encabezamiento o término | embne |
| 9 (RLIN) | 14675 |
| 651 #7 - PUNTO DE ACCESO ADICIONAL DE MATERIA--NOMBRE GEOGRÁFICO | |
| Nombre geográfico | España- |
| Subdivisión general | Historia- |
| Subdivisión cronológica | 1931-1939, II República. |
| 9 (RLIN) | 8283 |
| 700 1# - ENTRADA AGREGADA--NOMBRE PERSONAL | |
| Nombre de persona | Mainer, José-Carlos, |
| Fechas asociadas al nombre | 1944- |
| 9 (RLIN) | 75599 |
| 830 00 - PUNTO DE ACCESO ADICIONAL DE SERIE-TÍTULO UNIFORME | |
| Título uniforme | Iluminaciones |
| Designación de volumen o secuencia | 64 |
| 9 (RLIN) | 185775 |
| 852 ## - LOCALIZACIÓN | |
| Ubicación | ES-MaACL |
| itemnumber | 187869 |
| Sublocalización o colección | R.147182 |
| Número de control de estantería | A-12210 |
| Signatura antigua | Olim: N-5215 |
| Designación de la unidad física | v.1 |
| Ubicación en estantería | Depósito 1 |
| 852 ## - LOCALIZACIÓN | |
| Ubicación | ES-MaACL |
| itemnumber | 200577 |
| Sublocalización o colección | R.147182 |
| Número de control de estantería | A-12211 |
| Signatura antigua | Olim: 5216 |
| Designación de la unidad física | v.2 |
| Ubicación en estantería | Depósito 1 |
| 942 ## - ELEMENTOS DE ENTRADA SECUNDARIOS (KOHA) | |
| Fuente del sistema de clasificación o colocación | Clasificación decimal universal |
| Tipo de ítem Koha | Libro impreso |
| Estatus retirado | Estado de pérdida | Fuente del sistema de clasificación o colocación | Estado de daño | No para préstamo | Biblioteca de origen | Biblioteca actual | Ubicación en estantería | Fecha de adquisición | Fuente de adquisición | Enumeración/cronología de publicación seriada | Total de préstamos | Signatura topográfica completa | Código de barras | Visto por última vez | Precio de reemplazo | Tipo de ítem Koha |
|---|---|---|---|---|---|---|---|---|---|---|---|---|---|---|---|---|
| Clasificación decimal universal | Biblioteca del Ateneo de Madrid | Biblioteca del Ateneo de Madrid | Depósito 1 | 28/09/2012 | Compra | v.1 | A-12210 | 1190193 | 23/02/2023 | 23/02/2023 | Libro impreso | |||||
| Clasificación decimal universal | Biblioteca del Ateneo de Madrid | Biblioteca del Ateneo de Madrid | Depósito 1 | 03/10/2023 | Compra | v.2 | A-12211 | 101205872 | 03/10/2023 | 03/10/2023 | Libro impreso |
